| 000 | 01467cam a2200337 4500 | ||
|---|---|---|---|
| 001 | X113372 | ||
| 008 | 000000n2001 000 0 eng u | ||
| 035 | _a(Sirsi) u113372 | ||
| 245 | _aValuation special | ||
| 260 | _c2001 | ||
| 490 |
_aIRRV Insight _v(42) June 2001, 17-21(5) |
||
| 520 | _aIncludes "An exceptional case", four leading valuers select what they consider to be the outstanding rating cases, and "A firm foundation", which describes the provisions of the Valuation Act 2001 recently passed by the Irish parliament and which provides for the first revaluation of property in the Irish Republic for 150 years. Case law. | ||
| 650 | _aBRITISH TELECOMMUNICATIONS PLC V SANDERSON (CENTRAL VO) | ||
| 650 | _aCHINA LIGHT AND POWER CO V RATING COMMISSIONER | ||
| 650 | _aCOVENTRY AND SOLIHULL WASTE DISPOSAL CO LTD V RUSSELL (VO) | ||
| 650 | _aDAWKINS (VO) V LEAMINGTON SPA CORPORATION AND ANOTHER | ||
| 650 | _aEIRE | ||
| 650 | _aK SHOE SHOPS V HARDY | ||
| 650 | _aLADIES HOSIERY AND UNDERWEAR LTD V WEST MIDDLESEX ASSESSMENT COMMITTEE | ||
| 650 | _aR V MELLADEW | ||
| 650 | _aRATING | ||
| 650 | _aRATING APPEALS | ||
| 650 | _aRATING DECISIONS | ||
| 650 | _aSIR ANTHONY EARBY'S CASE | ||
| 650 |
_aValuation _96273 |
||
| 650 | _aVALUATION ACT 2001 | ||
| 650 | _aWESTMINSTER CC V SOUTHERN RAILWAY CO | ||
| 650 | _aWILLIAMS (VO) V SCOTTISH AND NEWCASTLE RETAIL LTD AND ANOTHER | ||
| 690 | _aRATING AND LOCAL TAXATION | ||
| 942 | _n0 | ||
| 999 |
_c67543 _d67543 |
||